| 000 | 01571cam a2200289 i 4500 | ||
|---|---|---|---|
| 003 | SA-RiAUC | ||
| 005 | 20250506094239.0 | ||
| 008 | 250505q19001999su g 00000 ara c | ||
| 040 |
_aSA-RiAUC _bara _cSA-RiAUC _erda |
||
| 082 | 0 | 4 |
_a253.902 _qSA-RiAUC |
| 090 |
_a253.902 _b ا ب ن ق |
||
| 100 | 1 |
_aابن قاضي الجبل، أحمد بن الحسن بن عبد الله، _d693-771 هجري _eمؤلف. |
|
| 245 | 1 | 2 |
_aالمناقلة بالأوقاف وما وقع في ذلك من النزاع والخلاف / _cللفقير إلى الله أحمد بن حسن بن عبد الله بن محمد بن قدامة الحنبلي الشهير بابن قاضي الجبل رحمه الله ؛ تحقيق عبد الله بن عمر بن دهيش عفى الله عنه. |
| 250 | _aالطبعة الثانية. | ||
| 264 | 1 |
_aمكة المكرمة : _b[الناشر غير محدد]، _c[بين 1900 و1999] |
|
| 264 | 3 |
_aمكة المكرمة : _bمطابع الصفا. |
|
| 300 |
_a74 صفحة ؛ _c24 × 17 سم |
||
| 336 |
_aنص _btxt _2rdacontent _3كتاب |
||
| 337 |
_aبدون وسيط _bn _2rdamedia |
||
| 338 |
_aمجلد _bnc _2rdacarrier |
||
| 650 | 7 |
_aالوقف _2aucsh |
|
| 650 | 7 |
_aالمعاملات (فقه إسلامي) _2aucsh |
|
| 700 | 1 |
_aابن دهيش، عبد الله بن عمر بن عبد الله، _dحوالي 1903-1986 _eمحقق. |
|
| 942 |
_2ddc _cBOOK _n0 |
||
| 949 |
_aSA-JeALM _d250505 _umohamedma123 _n1 |
||
| 999 |
_c7674 _d7674 |
||